[Event "XVII Festival A"]
[Site "Trieste ITA"]
[Date "2015.08.31"]
[Round "5"]
[White "Urkedal, Frode"]
[Black "Tratar, Marko"]
[Result "1-0"]
[WhiteElo "2509"]
[BlackElo "2479"]
[PlyCount "117"]
[EventDate "2015.08.29"]

1. d4 e6 2. c4 Bb4+ 3. Bd2 a5 4. Nf3 Nf6 5. Nc3 b6 6. e3 Bb7 7. Bd3 d6 8. Qc2
Nbd7 9. e4 e5 10. a3 Bxc3 11. Bxc3 Qe7 12. O-O O-O 13. Rfe1 Nh5 14. c5 dxc5 15.
dxe5 Nf4 16. Bc4 Ng6 17. Bd5 Rab8 18. Qd3 Ndxe5 19. Nxe5 Nxe5 20. Qg3 Ng6 21.
Ba2 Kh8 22. f4 Rbe8 23. Rad1 Bc8 24. Rd5 Be6 25. f5 Bxd5 26. exd5 Qh4 27. fxg6
Qxg3 28. hxg3 Rxe1+ 29. Bxe1 hxg6 30. Bd2 Re8 31. Bf4 Re7 32. Kf2 f6 33. g4 g5
34. Bg3 g6 35. Bb1 Kg7 36. a4 Kh6 37. Kf3 Kg7 38. Bd3 Kh6 39. Bh2 Kg7 40. b3
Kf7 41. Bg3 Kg7 42. Bf2 Re5 43. Bc4 Re7 44. Be3 Re5 45. Bd2 Re7 46. Bc3 Re8 47.
Bb5 Re7 48. Bd2 Re5 49. Bc6 Kf7 50. Be3 Kf8 51. Bf2 Kg7 52. Bb7 Kh7 53. Bg3 Re7
54. Bc8 b5 55. axb5 c4 56. bxc4 a4 57. d6 cxd6 58. Bxd6 Re8 59. b6 1-0

[Event "XVII Festival A"]
[Site "Trieste ITA"]
[Date "2015.08.31"]
[Round "5"]
[White "Vovk, Andrey"]
[Black "Moroni, Luca Jr"]
[Result "1-0"]
[WhiteElo "2606"]
[BlackElo "2461"]
[PlyCount "41"]
[EventDate "2015.08.29"]

1. e4 e6 2. d4 d5 3. Nd2 h6 4. Ngf3 Nf6 5. Bd3 c5 6. exd5 Qxd5 7. dxc5 Bxc5 8.
Nb3 Be7 9. Qe2 b6 10. Bf4 Bb7 11. O-O-O Qh5 12. Nbd4 O-O 13. Rhg1 Nc6 14. g4
Nxd4 15. Nxd4 Qa5 16. g5 Qxa2 17. gxf6 Bxf6 18. c3 Rac8 19. Bb1 Qa5 20. Bxh6
Rfd8 21. Be3 1-0

[Event "XVII Festival A"]
[Site "Trieste ITA"]
[Date "2015.08.31"]
[Round "5"]
[White "Markocic, Tine"]
[Black "Werle, Jan"]
[Result "0-1"]
[WhiteElo "1901"]
[BlackElo "2525"]
[PlyCount "78"]
[EventDate "2015.08.29"]

1. e4 c5 2. Nc3 a6 3. f4 e6 4. Nf3 d5 5. e5 Nc6 6. g3 Nh6 7. d3 Be7 8. Bg2 Nf5
9. O-O h5 10. Ne2 h4 11. g4 h3 12. Bh1 Nh6 13. g5 Nf5 14. c3 b5 15. Ng3 g6 16.
Nxf5 gxf5 17. d4 b4 18. Be3 c4 19. cxb4 Nxb4 20. Ne1 Bd7 21. Bd2 Nc6 22. Bc3
Rb8 23. Qd2 Qb6 24. Nc2 Na7 25. Bf3 Nb5 26. Rfb1 Nxc3 27. Qxc3 Rh4 28. Qe3 Ba4
29. Bd1 Kd7 30. Kf2 Bxc2 31. Bxc2 Rg4 32. Ba4+ Kc7 33. b3 Rg2+ 34. Kf1 Rxh2 35.
Kg1 Rg2+ 36. Kh1 Qa5 37. Qxh3 Rc2 38. g6 Qd2 39. bxc4 Rh8 0-1

[Event "XVII Festival A"]
[Site "Trieste ITA"]
[Date "2015.08.31"]
[Round "5"]
[White "Lodici, Lorenzo"]
[Black "Korpa, Bence"]
[Result "0-1"]
[WhiteElo "2348"]
[BlackElo "2433"]
[PlyCount "132"]
[EventDate "2015.08.29"]

1. d4 Nf6 2. Bg5 e6 3. e4 h6 4. Bxf6 Qxf6 5. c3 e5 6. dxe5 Qxe5 7. Nd2 Bc5 8.
Ngf3 Qe7 9. Bd3 d6 10. h3 a6 11. O-O O-O 12. Nd4 Qf6 13. N2b3 Ba7 14. a4 Nd7
15. Kh1 Ne5 16. Be2 Ng6 17. Bg4 Re8 18. Bxc8 Raxc8 19. Qc2 Qh4 20. Rae1 Nf4 21.
Nf5 Qh5 22. Nbd4 g6 23. Ng3 Qh4 24. Kh2 Qf6 25. Qd2 Bxd4 26. cxd4 h5 27. f3 c5
28. d5 c4 29. Rd1 Qe5 30. Kg1 Nd3 31. Ne2 Qxb2 32. Qxb2 Nxb2 33. Rb1 Nxa4 34.
Rxb7 Rb8 35. Rfb1 Rxb7 36. Rxb7 Nc5 37. Rb6 Rd8 38. Rb4 a5 39. Rxc4 f6 40. f4
Re8 41. Nc3 Rb8 42. Na2 Re8 43. Nc3 Kf8 44. Nb5 Rxe4 45. Nxd6 Rxc4 46. Nxc4 a4
47. g3 Ke7 48. Kg2 Nd7 49. Kf3 Nb6 50. d6+ Kd8 51. Na3 Kd7 52. Ke4 Kxd6 53. Kd4
Nd5 54. Nb5+ Ke6 55. Ke4 f5+ 56. Kd4 h4 57. gxh4 Nxf4 58. Nc7+ Kf6 59. Na6 a3
60. Nb4 Nxh3 61. Ke3 f4+ 62. Ke4 Nf2+ 63. Kf3 Nd3 64. Na2 Kf5 65. Ke2 Ne5 66.
Nc3 Kg4 0-1

[Event "XVII Festival A"]
[Site "Trieste ITA"]
[Date "2015.08.31"]
[Round "5"]
[White "Plenca, Jadranko"]
[Black "Hendriks, Willy"]
[Result "1-0"]
[WhiteElo "2369"]
[BlackElo "2384"]
[PlyCount "51"]
[EventDate "2015.08.29"]

1. e4 d6 2. d4 Nf6 3. Nc3 g6 4. g3 Bg7 5. Bg2 O-O 6. Nge2 e5 7. O-O Nc6 8. dxe5
dxe5 9. Bg5 Nd4 10. Nxd4 exd4 11. Nd5 c6 12. e5 cxd5 13. Qxd4 Be6 14. Bxf6 Qb6
15. Qxb6 axb6 16. Bxg7 Kxg7 17. Rfd1 Rfc8 18. c3 Rc5 19. Rd4 Rc4 20. Rd2 Ra5
21. a3 f6 22. Rad1 fxe5 23. Bxd5 Bxd5 24. Rxd5 Kf6 25. Rd6+ Kf5 26. Rxb6 1-0

[Event "XVII Festival A"]
[Site "Trieste ITA"]
[Date "2015.08.31"]
[Round "5"]
[White "Monjac, Mislav"]
[Black "Doric, Nenad"]
[Result "1/2-1/2"]
[WhiteElo "2222"]
[BlackElo "2298"]
[PlyCount "49"]
[EventDate "2015.08.29"]

1. e4 c6 2. d4 d5 3. exd5 cxd5 4. c4 Nf6 5. Nc3 Nc6 6. Nf3 Be6 7. c5 g6 8. Qa4
Bg7 9. Ne5 Bd7 10. Bb5 O-O 11. Nxc6 Bxc6 12. Bxc6 bxc6 13. Qxc6 Rc8 14. Qa4 e5
15. O-O exd4 16. Qxd4 Ne4 17. Qb4 Nxc5 18. Rd1 d4 19. Be3 Ne6 20. Ne2 Rb8 21.
Qc4 Rxb2 22. Nxd4 Nxd4 23. Bxd4 Bxd4 24. Qxd4 Qxd4 25. Rxd4 1/2-1/2

[Event "XVII Festival A"]
[Site "Trieste ITA"]
[Date "2015.08.31"]
[Round "5"]
[White "McPhillips, Joseph"]
[Black "Pescatore, Lorenzo"]
[Result "1-0"]
[WhiteElo "2191"]
[BlackElo "2279"]
[PlyCount "89"]
[EventDate "2015.08.29"]

1. e4 e5 2. Nf3 Nc6 3. Bb5 a6 4. Ba4 Nf6 5. O-O Be7 6. Re1 b5 7. Bb3 d6 8. c3
O-O 9. h3 Na5 10. Bc2 c5 11. d4 Nd7 12. Kh1 Rb8 13. b3 exd4 14. cxd4 Nc6 15.
Nc3 Bf6 16. Be3 cxd4 17. Nxd4 Nxd4 18. Bxd4 Bb7 19. Rc1 Rc8 20. Bb1 Qe7 21. Nd5
Bxd5 22. Rxc8 Rxc8 23. exd5 Qd8 24. Bf5 Bxd4 25. Qxd4 Rb8 26. Qa7 Nf6 27. Qxa6
Nxd5 28. Qc6 Nf6 29. b4 Rb6 30. Qf3 Ra6 31. Rc1 Ra8 32. Qb7 g6 33. Bd3 Rb8 34.
Qc6 Rb6 35. Qf3 Kg7 36. Qe3 Rb7 37. Rc6 Qd7 38. Qf3 Qe6 39. Qf4 Qe1+ 40. Kh2
Rd7 41. Bxb5 Rb7 42. a4 Ne4 43. Rc1 Qxb4 44. Rc4 Rxb5 45. Qxe4 1-0

[Event "XVII Festival A"]
[Site "Trieste ITA"]
[Date "2015.08.31"]
[Round "5"]
[White "Srebrnic, Vojko"]
[Black "Mikalsen, Erlend"]
[Result "0-1"]
[WhiteElo "2202"]
[BlackElo "2350"]
[PlyCount "70"]
[EventDate "2015.08.29"]

1. Nf3 d5 2. c4 d4 3. b4 f6 4. e3 e5 5. exd4 e4 6. Qe2 Qe7 7. Ng1 Nc6 8. Qe3
Nh6 9. f3 Nxb4 10. Kd1 Bf5 11. a3 Nc6 12. Nc3 O-O-O 13. d5 exf3 14. gxf3 Qe5
15. Nge2 b6 16. d4 Qxe3 17. Bxe3 Na5 18. Ng3 Bg6 19. h4 Bd6 20. Nge4 Nf5 21.
Bf2 Nb3 22. Nxd6+ cxd6 23. Ra2 Bh5 24. Rh3 Nbxd4 25. Be2 Rhe8 26. Kd2 Nb3+ 27.
Kc2 Nfd4+ 28. Kd1 Rxe2 29. Rxe2 Nxe2 30. Kxe2 Re8+ 31. Kd1 Na5 32. Nb5 Nxc4 33.
Nxa7+ Kd7 34. Rg3 g6 35. Bd4 Ne3+ 0-1

[Event "XVII Festival A"]
[Site "Trieste ITA"]
[Date "2015.08.31"]
[Round "5"]
[White "Gavrish, Leonid"]
[Black "Tabernig, Bernhard"]
[Result "1-0"]
[WhiteElo "2140"]
[BlackElo "2327"]
[PlyCount "81"]
[EventDate "2015.08.29"]

1. d4 e6 2. c4 b6 3. e4 Bb7 4. Bd3 Bb4+ 5. Kf1 f5 6. exf5 Nf6 7. Bg5 O-O 8. c5
bxc5 9. a3 Ba5 10. dxc5 h6 11. Bh4 exf5 12. Qb3+ Bd5 13. Qxd5+ Nxd5 14. Bxd8
Rxd8 15. b4 Nxb4 16. axb4 Bxb4 17. Bxf5 Bxc5 18. Nf3 Nc6 19. Nbd2 Nd4 20. Nxd4
Bxd4 21. Ra4 Bc5 22. g4 Rab8 23. Kg2 Rb2 24. Ne4 Bb6 25. Rd1 d6 26. Be6+ Kf8
27. Rd2 Rxd2 28. Nxd2 d5 29. f4 c5 30. Kf3 Ke7 31. f5 c4 32. Nb1 Kf6 33. Nc3
Ke5 34. Nb5 h5 35. g5 g6 36. Ra1 Be3 37. Kxe3 gxf5 38. Bf7 Rb8 39. Ra5 a6 40.
Nc3 f4+ 41. Kf3 1-0

[Event "XVII Festival A"]
[Site "Trieste ITA"]
[Date "2015.08.31"]
[Round "5"]
[White "Ostovic, Matija"]
[Black "Jicman, Ligia-Letitia"]
[Result "1-0"]
[WhiteElo "2322"]
[BlackElo "2167"]
[PlyCount "125"]
[EventDate "2015.08.29"]

1. d4 d5 2. c4 c6 3. Nf3 Nf6 4. e3 g6 5. Nc3 Bg7 6. Bd3 O-O 7. O-O Bg4 8. h3
Bxf3 9. Qxf3 e6 10. b3 Nbd7 11. Bb2 Re8 12. Rad1 Qe7 13. Rfe1 e5 14. Be2 Nh5
15. g4 Nhf6 16. cxd5 e4 17. Qf4 Nxd5 18. Nxd5 cxd5 19. Rc1 Qd8 20. Qc7 b6 21.
Rc2 Nf8 22. Qxd8 Rexd8 23. Rec1 Ne6 24. Kg2 Bf8 25. Ba6 Rab8 26. Bc8 Bd6 27.
Rc6 Ng7 28. g5 Nf5 29. Bxf5 gxf5 30. f3 f4 31. fxe4 dxe4 32. exf4 Bxf4 33. Re1
Bxg5 34. Rxe4 Re8 35. Kf3 f5 36. Ree6 Rxe6 37. Rxe6 Kf7 38. Re5 Kg6 39. Re6+
Kg7 40. Re5 Kg6 41. d5 Rc8 42. Re6+ Kf7 43. h4 Bxh4 44. Rh6 Bg5 45. Rxh7+ Kg6
46. Rxa7 Rd8 47. Bd4 Rxd5 48. Bxb6 Rd3+ 49. Ke2 Rd2+ 50. Ke1 Rb2 51. Bd4 Rb1+
52. Ke2 f4 53. Ra5 Bh4 54. Kf3 Bg3 55. Rb5 Rd1 56. Be5 Rf1+ 57. Kg4 Bh2 58.
Rb6+ Kf7 59. Kf5 Ke7 60. Rb7+ Kd8 61. Ke6 Rc1 62. Rh7 Rc6+ 63. Bd6 1-0

[Event "XVII Festival A"]
[Site "Trieste ITA"]
[Date "2015.08.31"]
[Round "5"]
[White "Di Paolo, Raffaele"]
[Black "Montilli, Vincenzo"]
[Result "1-0"]
[WhiteElo "2279"]
[BlackElo "2165"]
[PlyCount "113"]
[EventDate "2015.08.29"]

1. e4 e6 2. d4 d5 3. Nc3 Nf6 4. e5 Nfd7 5. f4 c5 6. Nf3 Nc6 7. Be3 a6 8. Qd2 b5
9. dxc5 Bxc5 10. Bd3 Qb6 11. Bf2 Bb7 12. O-O Bxf2+ 13. Rxf2 Nc5 14. a3 Rd8 15.
Qe1 b4 16. axb4 Qxb4 17. Na4 Qxe1+ 18. Nxe1 Nd7 19. Bf1 g5 20. Nd3 gxf4 21.
Nac5 Bc8 22. Nxd7 Rxd7 23. Rxf4 Ke7 24. Be2 Rg8 25. Raf1 Rg7 26. Bh5 Kf8 27. c3
Rc7 28. Bd1 Rg5 29. Re1 a5 30. Ba4 Na7 31. h4 Rg3 32. Nf2 h5 33. Kh2 Rg7 34.
Bd1 Ba6 35. Bxh5 Rb7 36. Be2 Bxe2 37. Rxe2 Ke7 38. g4 Rb8 39. Kg3 Nc6 40. g5
Kd8 41. Kg4 Kc7 42. Nd3 Rh8 43. Ref2 Rhh7 44. h5 Kb6 45. Rf6 Nd8 46. R2f4 Rg8
47. h6 Kb5 48. b3 Re8 49. Ne1 Re7 50. Nf3 Rc7 51. Nd4+ Ka6 52. Rf3 a4 53. bxa4
Rc4 54. g6 fxg6 55. Rxg6 Nf7 56. Rxe6+ Ka5 57. Kh5 1-0

[Event "XVII Festival A"]
[Site "Trieste ITA"]
[Date "2015.08.31"]
[Round "5"]
[White "Horton, Andrew P."]
[Black "Loiacono, Leonardo"]
[Result "1-0"]
[WhiteElo "2278"]
[BlackElo "1916"]
[PlyCount "149"]
[EventDate "2015.08.29"]

1. Nf3 Nf6 2. c4 g6 3. g3 Bg7 4. Bg2 d6 5. O-O O-O 6. Nc3 e5 7. d3 Nc6 8. Rb1
a5 9. a3 Nd7 10. b4 axb4 11. axb4 h6 12. b5 Ne7 13. Bb2 f5 14. Ra1 Rxa1 15.
Qxa1 g5 16. Nd2 f4 17. Qa7 Nc5 18. Ba3 b6 19. Bxc5 dxc5 20. Qb8 Bf5 21. Qxd8
Rxd8 22. Nde4 Be6 23. Ra1 Nf5 24. Ra7 Rd7 25. Nd2 Nd4 26. Kf1 Bf8 27. Bd5 Rf7
28. Bxe6 Nxe6 29. Nd5 Kg7 30. Kg2 g4 31. Ra8 h5 32. e3 f3+ 33. Kg1 Ng5 34. Kf1
Bd6 35. Nc3 Bf8 36. Nd5 Bd6 37. Ra7 Kg6 38. Nc3 Bf8 39. Ke1 Rh7 40. Nde4 Nxe4
41. Nxe4 Rf7 42. Ra8 Be7 43. Nc3 Bd6 44. Kf1 Rf8 45. Ra7 Rf7 46. Kg1 Rd7 47.
Ra8 Rf7 48. Nd5 Bf8 49. h3 Kg5 50. Re8 Bd6 51. Rg8+ Kh6 52. hxg4 hxg4 53. Rxg4
Rf8 54. Kh2 Ra8 55. Nf6 Ra2 56. Ne4 Ra3 57. Rh4+ Kg6 58. g4 Rxd3 59. Kg3 Rd1
60. Kxf3 Rc1 61. Rh8 Rxc4 62. Nxd6 cxd6 63. Rd8 Kg5 64. Rxd6 Rxg4 65. Rxb6 Rb4
66. Rb8 c4 67. b6 c3 68. Ke2 Rb2+ 69. Kd1 Kf5 70. f3 Kg6 71. b7 Kg7 72. Kc1 Kh7
73. f4 e4 74. f5 Rb6 75. f6 1-0

[Event "XVII Festival A"]
[Site "Trieste ITA"]
[Date "2015.09.02"]
[Round "6"]
[White "Jovanic, Ognjen"]
[Black "Bosiocic, Marin"]
[Result "1/2-1/2"]
[WhiteElo "2459"]
[BlackElo "2552"]
[PlyCount "24"]
[EventDate "2015.08.29"]

1. d4 Nf6 2. Nf3 d5 3. c4 e6 4. Nc3 c6 5. cxd5 exd5 6. Qc2 Bd6 7. Bg5 h6 8. Bh4
Be6 9. e3 Nbd7 10. Bg3 Bxg3 11. hxg3 Rc8 12. b4 a5 1/2-1/2

[Event "XVII Festival A"]
[Site "Trieste ITA"]
[Date "2015.09.02"]
[Round "6"]
[White "Baklan, Vladimir"]
[Black "Pap, Gyula"]
[Result "1/2-1/2"]
[WhiteElo "2608"]
[BlackElo "2536"]
[PlyCount "91"]
[EventDate "2015.08.29"]

1. e4 c5 2. Nf3 e6 3. Nc3 Nc6 4. d4 cxd4 5. Nxd4 Qc7 6. g3 a6 7. Bg2 Nf6 8. O-O
Bc5 9. Nxc6 dxc6 10. Na4 Ba7 11. c4 e5 12. c5 Be6 13. Qc2 Rd8 14. b3 Qe7 15. h3
O-O 16. Be3 Ne8 17. Nb6 Nc7 18. a4 Na8 19. Nxa8 Rxa8 20. b4 Rac8 21. Rfc1 Bb8
22. Rab1 Rc7 23. h4 h6 24. Rb2 Rd8 25. Qb1 Ba7 26. Bf1 Bg4 27. Be2 Bxe2 28.
Rxe2 Qe6 29. Rd2 Rxd2 30. Bxd2 Rd7 31. Be3 Bb8 32. b5 axb5 33. axb5 Bc7 34. b6
Bd8 35. Rd1 h5 36. Qa1 Bf6 37. Qa8+ Bd8 38. Rd6 Rxd6 39. cxd6 Qd7 40. Bg5 f6
41. Be3 Qxd6 42. Qxb7 c5 43. Qa8 Qxb6 44. Qd5+ Kh7 45. Bxc5 Qb5 46. Qxd8
1/2-1/2

[Event "XVII Festival A"]
[Site "Trieste ITA"]
[Date "2015.09.02"]
[Round "6"]
[White "Mazi, Leon"]
[Black "Urkedal, Frode"]
[Result "1-0"]
[WhiteElo "2405"]
[BlackElo "2509"]
[PlyCount "119"]
[EventDate "2015.08.29"]

1. e4 c5 2. Nf3 d6 3. d4 cxd4 4. Qxd4 Nc6 5. Qe3 Nf6 6. h3 g6 7. Be2 Bg7 8. O-O
O-O 9. Rd1 Qb6 10. Qxb6 axb6 11. Nc3 Be6 12. a3 Rac8 13. Rb1 Na5 14. Bd3 Nc4
15. a4 Nd7 16. Nd5 Bxd5 17. exd5 Nce5 18. Nxe5 Nxe5 19. Be3 Nxd3 20. cxd3 Ra8
21. b3 b5 22. axb5 Ra5 23. b6 Rxd5 24. Rbc1 Rb8 25. Rc7 Kf8 26. Rdc1 Bd4 27.
Re1 Bf6 28. Bh6+ Ke8 29. Bg7 Re5 30. Rxe5 Bxe5 31. Bxe5 dxe5 32. Kf1 f6 33. Ke2
Kf7 34. Kd2 Ke6 35. Kc3 Kd6 36. Kc4 h5 37. g3 g5 38. h4 g4 39. Kb5 f5 40. b4 f4
41. Kc4 Re8 42. Rxb7 Kc6 43. Rc7+ Kxb6 44. Rc5 e4 45. dxe4 e5 46. Kd5 Rf8 47.
Kxe5 fxg3 48. fxg3 Rf3 49. Kd4 Rxg3 50. Rxh5 Rh3 51. Kc4 g3 52. Rh6+ Kc7 53.
Kd5 g2 54. Rg6 Rh2 55. b5 Rxh4 56. Rxg2 Kb6 57. Rb2 Rh1 58. e5 Rd1+ 59. Ke6 Re1
60. Kd6 1-0

[Event "XVII Festival A"]
[Site "Trieste ITA"]
[Date "2015.09.02"]
[Round "6"]
[White "Werle, Jan"]
[Black "Vovk, Andrey"]
[Result "0-1"]
[WhiteElo "2525"]
[BlackElo "2606"]
[PlyCount "118"]
[EventDate "2015.08.29"]

1. Nf3 Nf6 2. c4 g6 3. d4 Bg7 4. g3 O-O 5. Bg2 d6 6. O-O Nbd7 7. Nc3 e5 8. e4
exd4 9. Nxd4 Re8 10. Re1 a6 11. h3 Rb8 12. Be3 c5 13. Nc2 b5 14. cxb5 axb5 15.
Qxd6 b4 16. Na4 Bf8 17. Qd1 Qa5 18. b3 Ne5 19. Bf4 Bb7 20. Ne3 Rbd8 21. Nd5
Nfd7 22. Bg5 Rc8 23. f4 h6 24. Nf6+ Nxf6 25. Bxf6 Nc6 26. Nb2 Ba6 27. f5 Bg7
28. Bxg7 Kxg7 29. Qd2 Qc7 30. Qf2 Nd4 31. Rac1 gxf5 32. Kh2 fxe4 33. Rxe4 Rxe4
34. Bxe4 Re8 35. Qxd4+ cxd4 36. Rxc7 Rxe4 37. Rc2 d3 38. Rf2 Re2 39. Kg2 Rc2
40. Kf3 d2 41. Nd1 Rxa2 42. Ke3 Ra3 43. Rxd2 Rxb3+ 44. Kf4 Rd3 45. Rxd3 Bxd3
46. Ke3 Bf5 47. Kd4 Be6 48. Nf2 b3 49. Kc3 Kf6 50. Nd3 Kf5 51. Kd4 h5 52. Ke3
Bc4 53. Nb2 Bf1 54. h4 Kg4 55. Kf2 Bb5 56. Nd1 f5 57. Ne3+ Kh3 58. Nd1 Bc6 59.
Nb2 f4 0-1

[Event "XVII Festival A"]
[Site "Trieste ITA"]
[Date "2015.09.02"]
[Round "6"]
[White "David, Alberto"]
[Black "McPhillips, Joseph"]
[Result "1-0"]
[WhiteElo "2584"]
[BlackElo "2191"]
[PlyCount "91"]
[EventDate "2015.08.29"]

1. e4 e6 2. d4 d5 3. Nc3 Nf6 4. e5 Nfd7 5. f4 c5 6. Nf3 Nc6 7. Be3 Be7 8. Qd2
O-O 9. dxc5 Bxc5 10. O-O-O Qa5 11. a3 Qb6 12. Nd4 Nxd4 13. Bxd4 Bxd4 14. Qxd4
Qxd4 15. Rxd4 a6 16. h4 b5 17. Rh3 f6 18. exf6 Rxf6 19. Be2 Nb8 20. Rf3 Nc6 21.
Rd1 Bb7 22. g3 Rff8 23. Rfd3 Ne7 24. Bg4 Nf5 25. Re1 Rae8 26. Re5 g6 27. Ne2
Kf7 28. Ng1 Kf6 29. Nf3 Re7 30. Bxf5 gxf5 31. Nd4 Bc8 32. Rde3 Rfe8 33. Kd2 Bd7
34. Ke1 Kf7 35. Kf2 Kf6 36. Kf3 h5 37. Kf2 Kf7 38. Ke1 Kf6 39. Kd2 Kf7 40. Rc3
Kf6 41. Rc7 Rc8 42. Ra7 Rg7 43. Rxa6 Rxg3 44. Rxf5+ Ke7 45. Rxh5 Rg7 46. Ke3
1-0

[Event "XVII Festival A"]
[Site "Trieste ITA"]
[Date "2015.09.02"]
[Round "6"]
[White "Codenotti, Marco"]
[Black "Plenca, Jadranko"]
[Result "1-0"]
[WhiteElo "2424"]
[BlackElo "2369"]
[PlyCount "135"]
[EventDate "2015.08.29"]

1. e4 e5 2. Nf3 Nc6 3. Bc4 Nf6 4. Ng5 d5 5. exd5 Na5 6. Bb5+ c6 7. dxc6 bxc6 8.
Bd3 h6 9. Ne4 Nd5 10. O-O g6 11. Re1 Bg7 12. b4 Nb7 13. b5 c5 14. Nbc3 Nf4 15.
Bc4 O-O 16. d3 Kh7 17. Bb2 f5 18. Ng3 Re8 19. Nge2 Ne6 20. Nd5 f4 21. Nec3 Nd6
22. Ne4 Nf5 23. Ndc3 Nfd4 24. Na4 Rb8 25. Bxe6 Nxe6 26. c4 a6 27. bxa6 Bd7 28.
Bc3 Qc7 29. Bd2 Red8 30. Nac3 Bc6 31. Qg4 Qf7 32. Rab1 Rxb1 33. Rxb1 Rxd3 34.
a7 Nd4 35. Rb8 Qxa7 36. Qc8 Qf7 37. Nd5 Bxd5 38. cxd5 Qxd5 39. h4 Nc6 40. Rb7
Qxe4 41. Qc7 Ne7 42. Qxe7 Qxb7 43. Qxb7 Rxd2 44. a4 Rd1+ 45. Kh2 Ra1 46. Qe4 h5
47. g4 fxg3+ 48. fxg3 Ra2+ 49. Kg1 Ra3 50. Kf2 Kh6 51. Ke2 Bf6 52. Qc4 Kg7 53.
Qb5 e4 54. Qb7+ Kh6 55. Qxe4 Bd4 56. a5 Bc3 57. Qe3+ Kh7 58. Qxc5 Rxa5 59. Qxc3
Ra7 60. Qc4 Re7+ 61. Kf3 Kg7 62. Qd4+ Kh7 63. Kf4 Rf7+ 64. Ke5 Rb7 65. Kf6 Rg7
66. Qe4 Kh6 67. Qe3+ Kh7 68. Qe8 1-0

[Event "XVII Festival A"]
[Site "Trieste ITA"]
[Date "2015.09.02"]
[Round "6"]
[White "Korpa, Bence"]
[Black "Ostovic, Matija"]
[Result "1-0"]
[WhiteElo "2433"]
[BlackElo "2322"]
[PlyCount "101"]
[EventDate "2015.08.29"]

1. c4 e5 2. g3 Nf6 3. Bg2 d6 4. Nc3 Be7 5. Nf3 c5 6. O-O O-O 7. d3 Nc6 8. a3 h6
9. Rb1 Be6 10. b4 Rb8 11. b5 Nd4 12. Nd2 Qa5 13. Bb2 Rfd8 14. e3 Nf5 15. Nde4
Ne8 16. Qb3 Qc7 17. a4 Bf8 18. Nd2 Qd7 19. Nd5 Ne7 20. f4 f6 21. e4 Bh3 22. f5
Bxg2 23. Kxg2 Nc7 24. Ne3 b6 25. Bc3 Ra8 26. a5 Rdb8 27. Rb2 Qe8 28. Ra1 Qh5
29. Nf3 Qf7 30. Qc2 Nc8 31. Rba2 Qe8 32. g4 Ne7 33. axb6 axb6 34. Ra7 Qd8 35.
R1a3 Rxa7 36. Rxa7 Nc8 37. Ra3 Ne7 38. Qa2 Ra8 39. Nh4 Kf7 40. Nd5 Rxa3 41.
Qxa3 Nexd5 42. exd5 Qa8 43. Qxa8 Nxa8 44. Ng6 Be7 45. Kg3 Nc7 46. Kh4 Bd8 47.
Kh5 Ne8 48. Nh4 Be7 49. Nf3 Bf8 50. Ba5 g5 51. fxg6+ 1-0

[Event "XVII Festival A"]
[Site "Trieste ITA"]
[Date "2015.09.02"]
[Round "6"]
[White "Maiorov, Nikita"]
[Black "Horton, Andrew P."]
[Result "1-0"]
[WhiteElo "2552"]
[BlackElo "2278"]
[PlyCount "87"]
[EventDate "2015.08.29"]

1. d4 Nf6 2. c4 e6 3. Nc3 Bb4 4. Qc2 b6 5. a3 Bxc3+ 6. Qxc3 Bb7 7. Nf3 O-O 8.
e3 d6 9. Be2 Nbd7 10. O-O a5 11. b3 Ne4 12. Qc2 f5 13. Bb2 Rf6 14. d5 e5 15.
Nh4 g6 16. f3 Ng5 17. f4 Ne4 18. Bf3 Rf8 19. g3 Nef6 20. Bg2 e4 21. Rfe1 Qe7
22. Bf1 Rfd8 23. Be2 Kf7 24. h3 Rg8 25. Rf1 h6 26. Ng2 c5 27. dxc6 Bxc6 28. b4
Rgc8 29. Qd2 Qe6 30. Ne1 Ba4 31. Nc2 Bxc2 32. Qxc2 b5 33. c5 dxc5 34. bxa5 c4
35. Bc3 Nd5 36. Rfb1 Rab8 37. Bd4 Nc5 38. a4 Nxa4 39. Be5 Qe8 40. Bxb8 Rxb8 41.
Rxa4 bxa4 42. Rxb8 Qxb8 43. Bxc4 Ke6 44. Qd2 1-0

[Event "XVII Festival A"]
[Site "Trieste ITA"]
[Date "2015.09.02"]
[Round "6"]
[White "Moroni, Luca Jr"]
[Black "Monjac, Mislav"]
[Result "1/2-1/2"]
[WhiteElo "2461"]
[BlackElo "2222"]
[PlyCount "139"]
[EventDate "2015.08.29"]

1. b3 d5 2. Bb2 Bg4 3. h3 Bh5 4. Nf3 Bxf3 5. gxf3 Nf6 6. e3 Nbd7 7. f4 e6 8.
Bg2 Bd6 9. Qe2 Qe7 10. Nc3 c6 11. O-O-O Ba3 12. d3 O-O-O 13. Rhg1 g6 14. Nb1
Bxb2+ 15. Kxb2 d4 16. c3 dxc3+ 17. Nxc3 Nd5 18. Rc1 Nxc3 19. Rxc3 Nb6 20. d4
Qb4 21. Rc2 Kb8 22. Rgc1 Rd7 23. a3 Qe7 24. Qd2 Rc8 25. a4 Rdc7 26. a5 Nd5 27.
Rc5 b6 28. R5c4 c5 29. a6 cxd4 30. Qxd4 Qf6 31. Qxf6 Nxf6 32. Bc6 Ng8 33. Bb7
Rxc4 34. bxc4 Rc5 35. Rd1 Kc7 36. Kb3 Nf6 37. Kb4 Ne8 38. Rd4 Nd6 39. Bf3 Ra5
40. Rd2 Rxa6 41. c5 bxc5+ 42. Kxc5 Ra5+ 43. Kd4 Ra4+ 44. Kd3 Ra3+ 45. Kd4 Kd7
46. Rc2 Ke7 47. Rc7+ Kf6 48. Bc6 Nf5+ 49. Kc4 Ne7 50. Be8 Rc3+ 51. Kxc3 Nd5+
52. Kd4 Nxc7 53. Bc6 h5 54. e4 h4 55. Kc5 Ke7 56. Bb7 Ne8 57. Bc6 Nf6 58. Kd4
a5 59. Ba4 Nh5 60. Ke3 f5 61. e5 Kd8 62. Bb3 Ng7 63. Kd4 Kc7 64. Ba4 Nh5 65.
Ke3 Kd8 66. Bb3 Kd7 67. Ba4+ Ke7 68. Bb5 Kd8 69. Ba4 Kc7 70. Bb5 1/2-1/2

[Event "XVII Festival A"]
[Site "Trieste ITA"]
[Date "2015.09.02"]
[Round "6"]
[White "Mikalsen, Erlend"]
[Black "Bentivegna, Francesco"]
[Result "1-0"]
[WhiteElo "2350"]
[BlackElo "2234"]
[PlyCount "87"]
[EventDate "2015.08.29"]

1. e4 c5 2. Nf3 Nc6 3. d4 cxd4 4. Nxd4 e5 5. Nb5 d6 6. g3 Be6 7. Bg2 Be7 8.
N1c3 a6 9. Na3 Nf6 10. Nd5 O-O 11. O-O Rc8 12. c3 Nb8 13. Nc2 Bxd5 14. exd5
Nbd7 15. a4 Ne8 16. a5 Bg5 17. Qe2 Bxc1 18. Rfxc1 f5 19. c4 Nef6 20. b4 Qe7 21.
Nd4 g6 22. Ne6 Rfe8 23. Rc2 Nf8 24. Nxf8 Kxf8 25. Rd1 e4 26. c5 Rc7 27. cxd6
Qxd6 28. Rxc7 Qxc7 29. d6 Qd7 30. Qb2 Re6 31. Bf1 Kg7 32. Qd4 Re8 33. b5 g5 34.
bxa6 bxa6 35. Bxa6 Kg6 36. Rb1 f4 37. Bb5 Rb8 38. Bxd7 Rxb1+ 39. Kg2 f3+ 40.
Kh3 h5 41. Be8+ Kf5 42. Bxh5 g4+ 43. Kh4 Rh1 44. Qc5+ 1-0

[Event "XVII Festival A"]
[Site "Trieste ITA"]
[Date "2015.09.02"]
[Round "6"]
[White "Doric, Nenad"]
[Black "Gavrish, Leonid"]
[Result "0-1"]
[WhiteElo "2298"]
[BlackElo "2140"]
[PlyCount "80"]
[EventDate "2015.08.29"]

1. e4 d6 2. d4 Nf6 3. Nc3 g6 4. f4 Bg7 5. Nf3 O-O 6. Be3 b6 7. Qd2 Bb7 8. e5
Ng4 9. O-O-O dxe5 10. Nxe5 Nxe3 11. Qxe3 Nd7 12. Bb5 Nxe5 13. dxe5 Qc8 14. Bd7
Qb8 15. Nd5 Qd8 16. Nb4 c5 17. Bc6 Qb8 18. Nd5 e6 19. Ne7+ Kh8 20. Qf3 Bxc6 21.
Qxc6 Bh6 22. g3 Qxe5 23. Kb1 Qe2 24. Rde1 Qf2 25. Ref1 Qe2 26. Re1 Qg4 27. h3
Qxg3 28. f5 Qh4 29. Nxg6+ fxg6 30. fxg6 Bg7 31. Rxe6 Qd4 32. c3 Qd3+ 33. Ka1
Rad8 34. Rc1 Rf1 35. Re8+ Rxe8 36. Qxe8+ Rf8 37. Qe7 hxg6 38. Re1 Qxh3 39. Rd1
Kg8 40. Rg1 Qf5 0-1

[Event "XVII Festival A"]
[Site "Trieste ITA"]
[Date "2015.09.02"]
[Round "6"]
[White "Di Paolo, Raffaele"]
[Black "Hrescak, Ivana"]
[Result "1-0"]
[WhiteElo "2279"]
[BlackElo "1993"]
[PlyCount "97"]
[EventDate "2015.08.29"]

1. e4 c5 2. Nf3 d6 3. d4 cxd4 4. Nxd4 Nf6 5. Nc3 g6 6. Be3 Bg7 7. f3 O-O 8. Qd2
Nc6 9. Bc4 Bd7 10. O-O-O Rb8 11. Bb3 Na5 12. Bh6 Bxh6 13. Qxh6 b5 14. h4 e5 15.
Nde2 b4 16. Nd5 Nxb3+ 17. axb3 Nxd5 18. Rxd5 Be6 19. h5 g5 20. Nd4 Rb6 21. Nxe6
fxe6 22. Qxe6+ Kh8 23. Rhd1 Rf6 24. Qxe5 dxe5 25. Rxd8+ Kg7 26. R1d7+ Rf7 27.
Rxf7+ Kxf7 28. Rd7+ Kg8 29. Kd2 Rh6 30. g4 Rf6 31. Rd3 h6 32. c4 a6 33. Ke3 Rb6
34. Rd5 Re6 35. c5 Kf7 36. Ke2 Kg7 37. Rd6 Rxd6 38. cxd6 Kf7 39. Kd3 Ke6 40.
Kc4 Kxd6 41. Kxb4 Kc6 42. Ka5 Kc5 43. Ka4 Kd4 44. Ka5 Ke3 45. Kxa6 Kxf3 46. b4
Kxg4 47. b5 Kxh5 48. b6 g4 49. b7 1-0